[Event "Junior Online 4NCL Division 2"]
[Site "online"]
[Date "2021.03.18"]
[EventDate "2021.03.18"]
[Round "5.141"]
[White "Benson, Alice"]
[WhiteElo "740"]
[WhiteTeam "Phones Junior B"]
[Black "Parikh, Naavya"]
[BlackElo "1516"]
[BlackTeam "Harrow Juniors D"]
[Result "0-1"]
[PlyCount "146"]

1. d4 d5 2. Bf4 Nf6 3. e3 e6 4. c3 c5 5. Nd2 Nc6 6. Ngf3 a6 7. Bd3 b5 8. O-O c4 9. Bc2 g6 10. e4 Bg7 11. Bg5 Qc7 12. Bxf6 Bxf6 13. exd5 exd5 14. Qe2+ Qe7 15. Rfe1 O-O 16. Qxe7 Nxe7 17. a4 Be6 18. Ne5 Rfc8 19. Ndf3 Nc6 20. Nxc6 Rxc6 21. axb5 Rb6 22. Ne5 Rxb5 23. Reb1 a5 24. Ba4 Rb6 25. Nd7 Bxd7 26. Bxd7 Rab8 27. h3 Rxb2 28. Rxb2 Rxb2 29. Rxa5 Rb3 30. Rxd5 Rxc3 31. Bb5 Rc1+ 32. Kh2 c3 33. Bd7 c2 34. Rc5 Bxd4 35. Rc8+ Kg7 36. f3 Bb2 37. Ba4 Be5+ 38. g3 Rf1 39. Rxc2 Rxf3 40. Rg2 h5 41. h4 f6 42. Kh3 g5 43. Bc6 Rc3 44. Be4 Re3 45. Bd5 Kg6 46. hxg5 fxg5 47. Bb7 h4 48. Bc6 hxg3 49. Kg4 Bf4 50. Be8+ Kf6 51. Bb5 Re1 52. Kf3 Re3+ 53. Kg4 Kg6 54. Ba4 Kf6 55. Bd7 Be5 56. Rg1 Re4+ 57. Kf3 Rf4+ 58. Ke3 Bd4+ 59. Ke2 Bxg1 60. Bg4 Bd4 61. Bf3 Kf5 62. Bg2 Rf2+ 63. Kd3 Rxg2 64. Kxd4 Rd2+ 65. Ke3 g2 66. Kf3 Rd3+ 67. Kxg2 Kf4 68. Kg1 Kf3 69. Kh2 Kg4 70. Kg2 Rd2+ 71. Kf1 Ra2 72. Kg1 Kf3 73. Kh1 Kg3 {[W: 0:00:19; B: 0:02:21]} 0-1

[Event "Junior Online 4NCL Division 2"]
[Site "online"]
[Date "2021.03.18"]
[EventDate "2021.03.18"]
[Round "5.142"]
[White "Sankar, Dheekshitha"]
[WhiteElo "1276"]
[WhiteTeam "Harrow Juniors D"]
[Black "Srivastava, Aditya"]
[BlackElo "654"]
[BlackTeam "Phones Junior B"]
[Result "0-1"]
[PlyCount "62"]

1. e4 e5 2. Nf3 Nf6 3. Nc3 Nc6 4. Bc4 Bc5 5. O-O d6 6. h3 h6 7. d3 O-O 8. Re1 Be6 9. b3 d5 10. exd5 Nxd5 11. Nxe5 Nxc3 12. Nxc6 Nxd1 13. Nxd8 Bxf2+ 14. Kf1 Bxe1 15. Nxe6 fxe6+ 16. Kxe1 Nc3 17. Bxe6+ Kh8 18. Kd2 Nb5 19. Bb2 Rf2+ 20. Ke1 Rxc2 21. Be5 Re8 22. Kd1 Rxg2 23. Bd5 Rg1+ 24. Kd2 Rg5 25. d4 Rgxe5 26. dxe5 Rd8 27. Re1 Rxd5+ 28. Kc2 Nd4+ 29. Kb2 Nf3 30. Kc3 Nxe1 31. Kc4 Rxe5 {[W: 0:04:12; B: 0:07:36]} 0-1

[Event "Junior Online 4NCL Division 2"]
[Site "online"]
[Date "2021.03.18"]
[EventDate "2021.03.18"]
[Round "5.144"]
[White "Sivanandan, Bodhana"]
[WhiteElo "1225"]
[WhiteTeam "Harrow Juniors D"]
[Black "Railwani, Tavish"]
[BlackElo "100"]
[BlackTeam "Phones Junior B"]
[Result "1-0"]
[PlyCount "113"]

1. d4 d5 2. Bf4 Nc6 3. Nf3 Bf5 4. a3 e6 5. Nc3 Nf6 6. e3 a6 7. h3 h6 8. g4 Bh7 9. Bd3 g5 10. Bh2 Bd6 11. Qd2 Qd7 12. Ne5 Bxe5 13. dxe5 Ne4 14. Nxe4 Bxe4 15. Bxe4 dxe4 16. Qxd7+ Kxd7 17. Rd1+ Ke7 18. O-O Kf8 19. f4 Kg7 20. f5 Rhf8 21. f6+ Kh7 22. Rd7 Rac8 23. Kg2 Na7 24. Rfd1 Nb5 25. Re7 b6 26. Rdd7 c5 27. Rxf7+ Rxf7 28. Rxf7+ Kg8 29. Rg7+ Kf8 30. Rg6 Kf7 31. Rxh6 Rg8 32. Rh7+ Kf8 33. Rb7 a5 34. Rxb6 Nc7 35. Rc6 Nd5 36. Rxc5 Nxe3+ 37. Kf2 Nd5 38. Rxa5 Nxf6 39. exf6 Kf7 40. Re5 Kxf6 41. Rxe4 Rc8 42. Re2 Rh8 43. Be5+ Kg6 44. Bxh8 Kh7 45. Bc3 Kg8 46. Rxe6 Kf7 47. Rf6+ Ke7 48. a4 Kd7 49. a5 Kc8 50. a6 Kb8 51. Bd4 Kc7 52. a7 Kb7 53. Rf8 Kc6 54. a8=Q+ Kb5 55. Rc8 Kb4 56. Qb7+ Ka5 57. Ra8# {[W: 0:05:31; B: 0:00:34]} 1-0

[Event "Junior Online 4NCL Division 2"]
[Site "online"]
[Date "2021.03.18"]
[EventDate "2021.03.18"]
[Round "5.145"]
[White "Parikh, Naavya"]
[WhiteElo "1516"]
[WhiteTeam "Harrow Juniors D"]
[Black "Benson, Alice"]
[BlackElo "740"]
[BlackTeam "Phones Junior B"]
[Result "0-1"]
[PlyCount "128"]

1. e4 e5 2. Nf3 Nc6 3. Bc4 Bc5 4. d3 h6 5. O-O d6 6. h3 Nf6 7. Nc3 O-O 8. Be3 Nd4 9. Bxd4 Bxd4 10. Nxd4 exd4 11. Ne2 c5 12. Nf4 Qb6 13. Rb1 Qc6 14. Nd5 Nxd5 15. Bxd5 Qa6 16. Qh5 Be6 17. Bxe6 fxe6 18. a3 c4 19. Rfd1 c3 20. bxc3 dxc3 21. Rb3 Rac8 22. Qg6 Rf6 23. Qg3 e5 24. Rdb1 b6 25. Qe3 Kh7 26. Qe1 Qa5 27. Qd1 Qc5 28. Qe1 Rcf8 29. Rxc3 Qxf2+ 30. Qxf2 Rxf2 31. Rb5 Rf1+ 32. Kh2 R8f2 33. Rd5 Rc1 34. Rxd6 Rcxc2 35. Rxc2 Rxc2 36. Rd7 Rc3 37. d4 exd4 38. e5 Rxa3 39. e6 Re3 40. e7 a5 41. Kg1 Kg8 42. Kf2 Kf7 43. e8=Q+ Kxe8 44. Rxg7 b5 45. Rb7 Rb3 46. Rb6 Rb2+ 47. Kf3 d3 48. Rxh6 d2 49. Rd6 a4 50. h4 a3 51. h5 a2 52. h6 a1=Q 53. h7 Rb3+ 54. Kg4 Qg7+ 55. Kf4 Qxh7 56. Re6+ Kd7 57. Re2 Qh4+ 58. Ke5 d1=Q 59. Re4 Qdh5+ 60. Kd4 Rb4+ 61. Kc3 Qxe4 62. Kd2 Qhe2+ 63. Kc3 Rc4+ 64. Kb3 Q4d3# {[W: 0:03:32; B: 0:00:21]} 0-1

[Event "Junior Online 4NCL Division 2"]
[Site "online"]
[Date "2021.03.18"]
[EventDate "2021.03.18"]
[Round "5.146"]
[White "Srivastava, Aditya"]
[WhiteElo "654"]
[WhiteTeam "Phones Junior B"]
[Black "Sankar, Dheekshitha"]
[BlackElo "1276"]
[BlackTeam "Harrow Juniors D"]
[Result "1-0"]
[PlyCount "49"]

1. d4 d5 2. Bf4 Nc6 3. e3 Nf6 4. c4 Bf5 5. Nf3 e6 6. Nc3 Be7 7. c5 a6 8. Qb3 O-O 9. Qxb7 Qd7 10. Qxc7 Ra7 11. Qxd7 Rxd7 12. Bxa6 Nb4 13. Bb5 Rb7 14. Ba4 Nd3+ 15. Kf1 Rxb2 16. Bg3 Ng4 17. Nd1 Rb4 18. Bc2 Rfb8 19. h3 Nf6 20. Bxb8 Rxb8 21. Nh4 Be4 22. f3 Bg6 23. Nxg6 hxg6 24. Bxd3 Rb2 25. Nxb2 {[W: 0:08:10; B: 0:00:15]} 1-0

[Event "Junior Online 4NCL Division 2"]
[Site "online"]
[Date "2021.03.18"]
[EventDate "2021.03.18"]
[Round "5.148"]
[White "Railwani, Tavish"]
[WhiteElo "100"]
[WhiteTeam "Phones Junior B"]
[Black "Sivanandan, Bodhana"]
[BlackElo "1225"]
[BlackTeam "Harrow Juniors D"]
[Result "0-1"]
[PlyCount "82"]

1. e4 e5 2. Nf3 Nc6 3. Nc3 Nf6 4. Bc4 a6 5. O-O Bc5 6. d3 h6 7. Be3 d6 8. h3 O-O 9. Qe2 Nd4 10. Bxd4 exd4 11. Nd5 Nxd5 12. Bxd5 c6 13. Bb3 Re8 14. Rad1 b5 15. a4 a5 16. Rfe1 Bb7 17. Ra1 b4 18. Nh2 Bb6 19. Qf3 d5 20. exd5 Rxe1+ 21. Rxe1 cxd5 22. c4 dxc4 23. Bxc4 Bxf3 24. Nxf3 Qf6 25. Ne5 Rf8 26. Ng4 Qd6 27. b3 h5 28. Ne5 Kh7 29. f4 f6 30. Nf3 Qxf4 31. Bd5 Qd6 32. Be4+ Kh8 33. Rc1 Bc7 34. Rc6 Qg3 35. Rc4 Bf4 36. Kh1 g5 37. Rxd4 g4 38. hxg4 hxg4 39. Kg1 gxf3 40. Kf1 Qxg2+ 41. Ke1 Qe2# {[W: 0:01:21; B: 0:08:26]} 0-1

[Event "Junior Online 4NCL Division 2"]
[Site "online"]
[Date "2021.03.18"]
[EventDate "2021.03.18"]
[Round "5.151"]
[White "Jardzioch, Ernest"]
[WhiteElo "1156"]
[WhiteTeam "St Albans Early Knights 3"]
[Black "Domingo, Marco"]
[BlackElo "1178"]
[BlackTeam "Ojays F"]
[Result "1-0"]
[PlyCount "95"]

1. e4 e6 2. f4 d5 3. Nc3 Nf6 4. e5 Nfd7 5. d4 c5 6. a3 Nc6 7. b4 cxd4 8. Nb5 a6 9. Nd6+ Bxd6 10. exd6 Nf6 11. Nf3 Qxd6 12. Nxd4 Nxd4 13. Qxd4 Bd7 14. Bd3 h6 15. O-O O-O 16. c4 Bc6 17. b5 axb5 18. cxb5 Bd7 19. f5 exf5 20. Bxf5 Bxf5 21. Rxf5 Qe6 22. Re5 Qd6 23. Bf4 Rac8 24. Re8 Qd7 25. Rxf8+ Kxf8 26. Rc1 Rxc1+ 27. Bxc1 Kg8 28. a4 Qc7 29. Bf4 Qc4 30. Qxc4 dxc4 31. Kf2 Kf8 32. Bd6+ Ke8 33. Ke2 g6 34. Ke3 Kd7 35. Bf8 h5 36. Bg7 Ng4+ 37. Kd4 Nxh2 38. Kxc4 Ng4 39. Kc5 Kc7 40. b6+ Kc8 41. a5 Ne3 42. g3 Nf5 43. Be5 Ne7 44. Kb5 Nc6 45. Bc7 g5 46. a6 bxa6+ 47. Kxc6 h4 48. b7# {[W: 0:07:50; B: 0:06:21]} 1-0

[Event "Junior Online 4NCL Division 2"]
[Site "online"]
[Date "2021.03.18"]
[EventDate "2021.03.18"]
[Round "5.152"]
[White "Webb, Tom"]
[WhiteElo "1223"]
[WhiteTeam "Ojays F"]
[Black "Demura, Dmitrii"]
[BlackElo "1202"]
[BlackTeam "St Albans Early Knights 3"]
[Result "1-0"]
[PlyCount "45"]

1. e4 e5 2. Nf3 Nc6 3. Bc4 Nf6 4. d4 exd4 5. e5 Bb4+ 6. Bd2 Bxd2+ 7. Nbxd2 Ng4 8. h3 Ngxe5 9. Nxe5 Nxe5 10. Bb3 Qe7 11. O-O d6 12. Re1 Qf6 13. Nf3 Qg6 14. Nxd4 O-O 15. Kh1 b6 16. Bd5 Rb8 17. Bc6 Nxc6 18. Nxc6 Bb7 19. Ne7+ Kh8 20. Nxg6+ fxg6 21. Qd4 c5 22. Qxd6 Rxf2 23. Qxb8+ {[W: 0:08:13; B: 0:08:48]} 1-0

[Event "Junior Online 4NCL Division 2"]
[Site "online"]
[Date "2021.03.18"]
[EventDate "2021.03.18"]
[Round "5.153"]
[White "Chohan, Kallum"]
[WhiteElo "1050"]
[WhiteTeam "St Albans Early Knights 3"]
[Black "Terrado, Rhianne"]
[BlackElo "1219"]
[BlackTeam "Ojays F"]
[Result "0-1"]
[PlyCount "30"]

1. d4 d5 2. Bf4 Nc6 3. e3 Nf6 4. Bd3 e6 5. Nf3 Be7 6. c3 a6 7. Nbd2 Bd6 8. Bg3 Bxg3 9. hxg3 Qe7 10. Ne5 Nxe5 11. dxe5 Nd7 12. Nf3 f6 13. exf6 Qxf6 14. Bxh7 Rf8 15. Nd2 Qxf2# {[W: 0:09:37; B: 0:09:46]} 0-1

[Event "Junior Online 4NCL Division 2"]
[Site "online"]
[Date "2021.03.18"]
[EventDate "2021.03.18"]
[Round "5.154"]
[White "Santhosh, Alwis Joe"]
[WhiteElo "1179"]
[WhiteTeam "Ojays F"]
[Black "Owladi, Maya"]
[BlackElo "978"]
[BlackTeam "St Albans Early Knights 3"]
[Result "1-0"]
[PlyCount "63"]

1. e4 e5 2. Nf3 Nc6 3. Bc4 h6 4. d3 Nf6 5. Be3 Bc5 6. Bxc5 d6 7. Be3 Ng4 8. O-O Nxe3 9. fxe3 Bg4 10. h3 Be6 11. Bb3 O-O 12. Nc3 Na5 13. d4 Nxb3 14. axb3 c6 15. dxe5 dxe5 16. Nxe5 Qg5 17. Nf3 Qxe3+ 18. Kh1 Rad8 19. Qe2 Qf4 20. Nd4 Qg3 21. Rf3 Qe5 22. Nf5 Bxf5 23. Rxf5 Qg3 24. Raf1 g6 25. R1f3 Qc7 26. Rf6 h5 27. Qe3 Qb8 28. Qg5 Kh7 29. Kg1 Rfe8 30. Rxf7+ Kg8 31. Qxg6+ Kh8 32. Qg7# {[W: 0:08:03; B: 0:07:07]} 1-0

[Event "Junior Online 4NCL Division 2"]
[Site "online"]
[Date "2021.03.18"]
[EventDate "2021.03.18"]
[Round "5.155"]
[White "Domingo, Marco"]
[WhiteElo "1178"]
[WhiteTeam "Ojays F"]
[Black "Jardzioch, Ernest"]
[BlackElo "1156"]
[BlackTeam "St Albans Early Knights 3"]
[Result "1-0"]
[PlyCount "129"]

1. e4 e5 2. Nf3 Nf6 3. Nxe5 Nc6 4. Nxc6 dxc6 5. Nc3 Bc5 6. h3 O-O 7. Bc4 b5 8. Bb3 b4 9. Na4 Nxe4 10. Nxc5 Nxc5 11. Qf3 Nxb3 12. axb3 Qd5 13. Qxd5 cxd5 14. O-O Re8 15. Ra4 c5 16. f3 Bd7 17. Ra5 c4 18. bxc4 dxc4 19. Kf2 b3 20. cxb3 cxb3 21. Re1 Rxe1 22. Kxe1 Re8+ 23. Kf2 Rc8 24. Rxa7 Rxc1 25. Rxd7 Kf8 26. Rd3 Rd1 27. Ke2 Rg1 28. Kf2 Rd1 29. Rxb3 Rxd2+ 30. Kg3 Ke7 31. Rb7+ Kf6 32. b4 g5 33. b5 h5 34. Kh2 Kg6 35. Rb8 f6 36. b6 f5 37. b7 Rb2 38. Rg8+ Kh6 39. b8=Q Rxb8 40. Rxb8 Kg7 41. Rb6 Kf7 42. h4 gxh4 43. Kh3 f4 44. Kxh4 Ke7 45. Kxh5 Kd7 46. Kg4 Kc7 47. Rh6 Kd7 48. Kxf4 Ke7 49. Kg5 Kf7 50. Rg6 Ke7 51. f4 Kd7 52. f5 Ke7 53. Re6+ Kf7 54. Kh5 Kg7 55. g4 Kf7 56. g5 Kg7 57. Rg6+ Kh7 58. Rh6+ Kg7 59. Ra6 Kh7 60. g6+ Kg7 61. Ra7+ Kf6 62. g7 Kxf5 63. g8=Q Kf6 64. Qe8 Kf5 65. Rf7# {[W: 0:10:13; B: 0:10:34]} 1-0

[Event "Junior Online 4NCL Division 2"]
[Site "online"]
[Date "2021.03.18"]
[EventDate "2021.03.18"]
[Round "5.156"]
[White "Demura, Dmitrii"]
[WhiteElo "1202"]
[WhiteTeam "St Albans Early Knights 3"]
[Black "Webb, Tom"]
[BlackElo "1223"]
[BlackTeam "Ojays F"]
[Result "1-0"]
[PlyCount "53"]

1. e4 e5 2. Nf3 Nc6 3. Bc4 Bc5 4. O-O Nf6 5. d3 O-O 6. Bg5 h6 7. Bh4 Be7 8. Nc3 d6 9. Qd2 Be6 10. Bxe6 fxe6 11. d4 exd4 12. Nxd4 Nxd4 13. Qxd4 e5 14. Qc4+ Kh8 15. Nd5 Nxd5 16. Bxe7 Nxe7 17. f4 Qd7 18. fxe5 dxe5 19. Rad1 Qg4 20. Rxf8+ Rxf8 21. Qd3 Rf3 22. Qd8+ Ng8 23. Qe8 Rf1+ 24. Rxf1 Kh7 25. h3 Qxe4 26. Rf8 Nf6 27. Rh8# {[W: 0:07:20; B: 0:09:15]} 1-0

[Event "Junior Online 4NCL Division 2"]
[Site "online"]
[Date "2021.03.18"]
[EventDate "2021.03.18"]
[Round "5.157"]
[White "Terrado, Rhianne"]
[WhiteElo "1219"]
[WhiteTeam "Ojays F"]
[Black "Chohan, Kallum"]
[BlackElo "1050"]
[BlackTeam "St Albans Early Knights 3"]
[Result "1-0"]
[PlyCount "113"]

1. e4 e5 2. Bc4 Bc5 3. d3 d6 4. Nf3 Nf6 5. Nc3 Nc6 6. Bd2 Bd7 7. a3 Nd4 8. Nxd4 Bxd4 9. Qf3 Bg4 10. Qg3 Qd7 11. h3 O-O-O 12. hxg4 Qxg4 13. Qxg4+ Nxg4 14. Bxf7 Bxf2+ 15. Kd1 Bd4 16. Be6+ Kb8 17. Bxg4 Rhf8 18. Nd5 Bxb2 19. Rb1 Bxa3 20. Ba5 b6 21. Bc3 Rf2 22. d4 Rdf8 23. dxe5 Rf1+ 24. Rxf1 Rxf1+ 25. Kd2 Rxb1 26. e6 Rf1 27. e7 Rf2+ 28. Be2 Bc1+ 29. Kxc1 Rxe2 30. e8=Q+ Kb7 31. Qb5 Rxe4 32. Bxg7 c6 33. Qd3 cxd5 34. Qxd5+ Ka6 35. Qxe4 h5 36. c4 b5 37. cxb5+ Kxb5 38. Qd5+ Kb4 39. Qxh5 a5 40. g4 a4 41. g5 Kb3 42. g6 a3 43. Qf3+ Ka4 44. Ba1 a2 45. g7 d5 46. g8=Q d4 47. Qga8+ Kb4 48. Qfb7+ Kc4 49. Qac8+ Kd3 50. Qb3+ Ke4 51. Qc6+ Ke5 52. Qbb5+ Kf4 53. Qd6+ Ke3 54. Qxd4+ Kf3 55. Qb3+ Ke2 56. Qdb2+ Ke1 57. Qd1# {[W: 0:09:28; B: 0:05:52]} 1-0

[Event "Junior Online 4NCL Division 2"]
[Site "online"]
[Date "2021.03.18"]
[EventDate "2021.03.18"]
[Round "5.158"]
[White "Owladi, Maya"]
[WhiteElo "978"]
[WhiteTeam "St Albans Early Knights 3"]
[Black "Santhosh, Alwis Joe"]
[BlackElo "1179"]
[BlackTeam "Ojays F"]
[Result "0-1"]
[PlyCount "62"]

1. e4 e5 2. Nf3 Nc6 3. Nc3 Bc5 4. Bc4 d6 5. Ng5 Qxg5 6. Rg1 Qf4 7. Rf1 Qxh2 8. Nd5 Bb6 9. Nxb6 axb6 10. Qf3 Nf6 11. d3 Bg4 12. Qg3 Qh5 13. f3 Nd4 14. c3 Nc2+ 15. Kd1 Nxa1 16. Bd5 O-O 17. Bxb7 Rxa2 18. fxg4 Qxg4+ 19. Qxg4 Nxg4 20. Rh1 Nf2+ 21. Ke1 Nxh1 22. d4 exd4 23. cxd4 Nb3 24. Kf1 Nxc1 25. Kg1 Ng3 26. Kh2 Nce2 27. b4 Ra1 28. Kh3 f5 29. exf5 Rxf5 30. Be4 h5 31. Bxf5 Rh1# {[W: 0:08:28; B: 0:09:40]} 0-1

[Event "Junior Online 4NCL Division 2"]
[Site "online"]
[Date "2021.03.18"]
[EventDate "2021.03.18"]
[Round "5.161"]
[White "Wu, Yuxuan"]
[WhiteElo "1583"]
[WhiteTeam "Young Dragons A"]
[Black "Babu, Rohan"]
[BlackElo "1233"]
[BlackTeam "Robin Hoods 2"]
[Result "1-0"]
[PlyCount "129"]

1. d4 d5 2. c4 dxc4 3. Nf3 Nf6 4. e3 Nc6 5. Bxc4 Bf5 6. Nc3 e6 7. O-O Bd6 8. Re1 O-O 9. e4 Nxe4 10. Nxe4 Bg4 11. Nxd6 Qxd6 12. h3 Bxf3 13. Qxf3 Nxd4 14. Qc3 a6 15. Be3 c5 16. Rad1 Rad8 17. Bf1 b5 18. Rd3 b4 19. Qc4 Rd7 20. Bxd4 cxd4 21. Red1 Rfd8 22. Rg3 Rc7 23. Qxa6 Rc6 24. Qe2 Qd7 25. Qg4 f5 26. Qf4 Rc5 27. Bd3 Ra5 28. Bc4 Rc5 29. b3 Rc6 30. Qe5 Rd6 31. Rgd3 Qa7 32. Bxe6+ Kh8 33. Bxf5 Rd5 34. Qe4 Qb6 35. Bxh7 Qh6 36. Rxd4 Rxd4 37. Rxd4 Rxd4 38. Qxd4 Qxh7 39. Qd8+ Qg8 40. Qxg8+ Kxg8 41. Kf1 Kf7 42. Ke2 Ke6 43. Kd3 Kd5 44. f4 Kc5 45. g4 Kd6 46. Kd4 Kc6 47. Kc4 Kd6 48. Kxb4 Kd5 49. a4 Ke4 50. a5 Kxf4 51. a6 Kg3 52. a7 Kxh3 53. a8=Q Kxg4 54. Qg8 Kf3 55. Qxg7 Kf2 56. Qe5 Kg1 57. Kc4 Kh1 58. b4 Kg1 59. b5 Kh1 60. Qb2 Kg1 61. b6 Kh1 62. b7 Kg1 63. b8=Q Kf1 64. Q8h2 Ke1 65. Qh1# {[W: 0:05:20; B: 0:05:37]} 1-0

[Event "Junior Online 4NCL Division 2"]
[Site "online"]
[Date "2021.03.18"]
[EventDate "2021.03.18"]
[Round "5.162"]
[White "Wood, Ethan"]
[WhiteElo "1205"]
[WhiteTeam "Robin Hoods 2"]
[Black "Smith, Ellison"]
[BlackElo "1624"]
[BlackTeam "Young Dragons A"]
[Result "0-1"]
[PlyCount "24"]

1. e4 e6 2. d4 d5 3. e5 c5 4. c3 Nc6 5. Nf3 Qb6 6. Be2 Nh6 7. h3 Nf5 8. Be3 Nxe3 9. fxe3 Qxb2 10. Nbd2 Qxc3 11. Rc1 Qxe3 12. Rxc5 Bxc5 {[W: 0:08:32; B: 0:09:41]} 0-1

[Event "Junior Online 4NCL Division 2"]
[Site "online"]
[Date "2021.03.18"]
[EventDate "2021.03.18"]
[Round "5.163"]
[White "Szakmany, Bence"]
[WhiteElo "1614"]
[WhiteTeam "Young Dragons A"]
[Black "Krasnov, Maksim"]
[BlackElo "1150"]
[BlackTeam "Robin Hoods 2"]
[Result "1-0"]
[PlyCount "115"]

1. e4 e5 2. Nf3 Nc6 3. Bb5 Nf6 4. d3 Bc5 5. O-O d6 6. h3 Bd7 7. Nc3 Qe7 8. Be3 Bxe3 9. fxe3 O-O-O 10. Re1 Nb8 11. Bc4 Bc6 12. Nd5 Nxd5 13. exd5 Bd7 14. d4 b5 15. Bb3 e4 16. Nd2 Qg5 17. Nxe4 Qg6 18. Nf2 c6 19. a4 cxd5 20. axb5 Bxb5 21. Bxd5 Nc6 22. Bxc6 Bxc6 23. d5 Bb7 24. Rxa7 Qg5 25. e4 Rhe8 26. Qg4+ Qxg4 27. Nxg4 Rd7 28. Ra3 Bxd5 29. Rc3+ Kd8 30. e5 dxe5 31. Nxe5 Rde7 32. Nc6+ Bxc6 33. Rxe7 Rxe7 34. Rxc6 Kd7 35. Rc3 Ke6 36. Re3+ Kd6 37. Rxe7 Kxe7 38. Kf2 Kd6 39. Ke3 Kc5 40. Ke4 Kc4 41. Ke5 Kc5 42. g4 h6 43. h4 Kc6 44. Kf5 f6 45. g5 fxg5 46. hxg5 hxg5 47. Kxg5 Kd5 48. Kg6 Kd4 49. Kxg7 Ke3 50. b4 Kd4 51. b5 Kc5 52. c4 Kb6 53. Kf6 Kc7 54. Ke5 Kb6 55. Kd5 Kc7 56. c5 Kb7 57. Kc4 Kc7 58. Kb4 {[W: 0:04:31; B: 0:09:38]} 1-0

[Event "Junior Online 4NCL Division 2"]
[Site "online"]
[Date "2021.03.18"]
[EventDate "2021.03.18"]
[Round "5.164"]
[White "Matthews-Asensio, Tomas"]
[WhiteElo "1098"]
[WhiteTeam "Robin Hoods 2"]
[Black "Chung, Joel"]
[BlackElo "1561"]
[BlackTeam "Young Dragons A"]
[Result "1-0"]
[PlyCount "71"]

1. d4 d5 2. Nc3 e6 3. Bf4 Nf6 4. e3 Bd6 5. Bg3 O-O 6. Bd3 c5 7. Nf3 c4 8. Be2 Nc6 9. Ne5 Qc7 10. Nb5 Qa5+ 11. Nc3 Qd8 12. O-O a6 13. a3 Qc7 14. f4 Ne7 15. Bh5 Nf5 16. Bxf7+ Rxf7 17. Nxf7 Qxf7 18. Qf3 b5 19. e4 dxe4 20. Nxe4 Nxd4 21. Nxf6+ Qxf6 22. Qxa8 Ne2+ 23. Kh1 Nxg3+ 24. hxg3 Qh6+ 25. Kg1 Bc5+ 26. Rf2 Bxf2+ 27. Kxf2 Qg6 28. Qxc8+ Kf7 29. Qb7+ Kf6 30. Qxa6 Qxc2+ 31. Kf3 Qd3+ 32. Kf2 Qd2+ 33. Kg1 Qxb2 34. Re1 Qd4+ 35. Kh2 Qf2 36. Qxe6# {[W: 0:07:43; B: 0:05:59]} 1-0

[Event "Junior Online 4NCL Division 2"]
[Site "online"]
[Date "2021.03.18"]
[EventDate "2021.03.18"]
[Round "5.165"]
[White "Babu, Rohan"]
[WhiteElo "1233"]
[WhiteTeam "Robin Hoods 2"]
[Black "Wu, Yuxuan"]
[BlackElo "1583"]
[BlackTeam "Young Dragons A"]
[Result "0-1"]
[PlyCount "94"]

1. e4 c5 2. d4 cxd4 3. Qxd4 Nc6 4. Qd1 d6 5. Nf3 Nf6 6. Nc3 Bg4 7. Be2 e6 8. O-O Be7 9. Bd2 O-O 10. Be3 a6 11. Qd2 Rc8 12. Rad1 b5 13. a3 Qc7 14. Bf4 e5 15. Bg3 Bxf3 16. Bxf3 Nd4 17. Be2 Nxe2+ 18. Qxe2 Qc4 19. Qxc4 Rxc4 20. Rd3 Nxe4 21. Nxe4 Rxe4 22. f3 Re2 23. Rf2 Re1+ 24. Rf1 Rxf1+ 25. Kxf1 Rc8 26. c3 f6 27. Ke2 Kf7 28. Ke3 Ke6 29. Ke4 Bd8 30. f4 Rc4+ 31. Kf3 Bc7 32. fxe5 dxe5 33. h4 e4+ 34. Kf2 exd3 35. Bxc7 Rxc7 36. Ke3 Rd7 37. Kd2 Kf5 38. Kd1 Kg4 39. Kd2 Kg3 40. Kd1 Kxg2 41. Kd2 Kg3 42. Kd1 Kxh4 43. Ke1 Kg3 44. Kd1 Kf3 45. Kd2 Kf2 46. Kd1 d2 47. Kc2 d1=Q# {[W: 0:03:40; B: 0:09:35]} 0-1

[Event "Junior Online 4NCL Division 2"]
[Site "online"]
[Date "2021.03.18"]
[EventDate "2021.03.18"]
[Round "5.166"]
[White "Smith, Ellison"]
[WhiteElo "1624"]
[WhiteTeam "Young Dragons A"]
[Black "Wood, Ethan"]
[BlackElo "1205"]
[BlackTeam "Robin Hoods 2"]
[Result "1-0"]
[PlyCount "87"]

1. e4 e5 2. Nf3 Nc6 3. Bc4 h6 4. d4 d6 5. dxe5 dxe5 6. Qxd8+ Nxd8 7. Nxe5 Nf6 8. Nc3 Bb4 9. f3 Bc5 10. Bf4 a6 11. O-O-O b5 12. Bd5 Nxd5 13. Nxd5 O-O 14. Nxc7 Ra7 15. Nd5 Be6 16. a3 Bxd5 17. Rxd5 Ne6 18. Bg3 Rd8 19. Rhd1 Rxd5 20. Rxd5 Ra8 21. Rd7 Rf8 22. f4 Be3+ 23. Kd1 Nxf4 24. Bxf4 Bxf4 25. Nf3 a5 26. Rd5 Rb8 27. g3 Bc7 28. Nd4 b4 29. Nc6 Rb7 30. Nxa5 Ra7 31. axb4 g5 32. c4 Kf8 33. c5 Ke7 34. Nc6+ Ke6 35. Nxa7 Ke7 36. c6 f6 37. Rd7+ Ke6 38. Rxc7 Kd6 39. Rh7 Ke5 40. c7 Kxe4 41. c8=Q Ke5 42. Re7+ Kd4 43. Qc5+ Kd3 44. Qc3# {[W: 0:01:21; B: 0:02:27]} 1-0

[Event "Junior Online 4NCL Division 2"]
[Site "online"]
[Date "2021.03.18"]
[EventDate "2021.03.18"]
[Round "5.167"]
[White "Krasnov, Maksim"]
[WhiteElo "1150"]
[WhiteTeam "Robin Hoods 2"]
[Black "Szakmany, Bence"]
[BlackElo "1614"]
[BlackTeam "Young Dragons A"]
[Result "0-1"]
[PlyCount "50"]

1. e4 e5 2. Nf3 Nc6 3. Bc4 Bc5 4. d3 Nf6 5. Nc3 d6 6. Be3 a6 7. Qd2 O-O 8. O-O-O Be6 9. h4 b5 10. h5 bxc4 11. dxc4 Bxe3 12. Qxe3 Bxc4 13. Rh4 Be6 14. Rdh1 Ne7 15. Qg5 h6 16. Qg3 Rb8 17. Ng5 hxg5 18. Qxg5 Nh7 19. Qg3 Nc6 20. h6 g6 21. Rh5 Kh8 22. Nd5 Bxd5 23. exd5 Ne7 24. Rxe5 dxe5 25. Qxe5+ f6 {[W: 0:08:23; B: 0:06:13]} 0-1

[Event "Junior Online 4NCL Division 2"]
[Site "online"]
[Date "2021.03.18"]
[EventDate "2021.03.18"]
[Round "5.168"]
[White "Chung, Joel"]
[WhiteElo "1561"]
[WhiteTeam "Young Dragons A"]
[Black "Matthews-Asensio, Tomas"]
[BlackElo "1098"]
[BlackTeam "Robin Hoods 2"]
[Result "0-1"]
[PlyCount "50"]

1. e4 d6 2. f4 Nf6 3. Nc3 Nbd7 4. Nf3 e5 5. Bc4 Be7 6. O-O c6 7. fxe5 dxe5 8. d3 Qc7 9. Ng5 O-O 10. Be3 b6 11. Qe1 Ng4 12. Bxf7+ Rxf7 13. Nxf7 Ndf6 14. Ng5 Bd7 15. h3 Nxe3 16. Qxe3 Bc5 17. Qxc5 bxc5 18. Rf2 Rf8 19. Raf1 Qd6 20. Nf3 h6 21. Nd2 Qd4 22. Kh1 Qb4 23. Nc4 Be6 24. Nxe5 Qxb2 25. Na4 Qxe5 {[W: 0:06:10; B: 0:06:26]} 0-1

[Event "Junior Online 4NCL Division 2"]
[Site "online"]
[Date "2021.04.01"]
[EventDate "2021.04.01"]
[Round "6.11"]
[White "Griffith, Theodore"]
[WhiteElo "1312"]
[WhiteTeam "Ojays E"]
[Black "Hirst, Joe"]
[BlackElo "1879"]
[BlackTeam "Staffordshire Spitfires"]
[Result "0-1"]
[PlyCount "104"]

1. e4 d6 2. d4 Nf6 3. Nc3 Nbd7 4. Bf4 e5 5. dxe5 dxe5 6. Bg5 Be7 7. Nf3 c6 8. Qd2 Qc7 9. Bc4 O-O 10. h4 b5 11. Bb3 b4 12. Na4 Nxe4 13. Qe3 Nxg5 14. hxg5 Nb6 15. Qe4 g6 16. Qh4 h5 17. Nh2 Qd8 18. Nf3 Nxa4 19. Bxa4 Qd5 20. Bb3 Qc5 21. Nh2 Qd4 22. Qxd4 exd4 23. g4 Bxg4 24. Nxg4 hxg4 25. Rg1 Kg7 26. Rxg4 c5 27. Ke2 Rae8 28. Kd3 Bd6 29. Rh1 Rh8 30. Rgh4 Rxh4 31. Rxh4 Re1 32. c3 bxc3 33. bxc3 dxc3 34. Rh3 Rf1 35. Rf3 f5 36. gxf6+ Kf8 37. f7 Re1 38. Kxc3 Be5+ 39. Kc4 Bd4 40. Kb5 Re2 41. Rf6 Bxf6 42. Bc4 Rb2+ 43. Kxc5 Rxf2 44. Kb5 g5 45. Be6 Re2 46. Bg4 Rxa2 47. Kc6 Rc2+ 48. Kb7 Rc4 49. Bf3 Rf4 50. Bd1 Kxf7 51. Kxa7 g4 52. Bxg4 Rxg4 {[W: 0:06:04; B: 0:00:56]} 0-1